100 Крупнейших Городов России на Карте - Statistics

General Stats
  • This quiz has been taken 926 times
  • The average score is 60 of 100
Answers on the Map
Answers color-coded by a green-red scale on the quiz's map according to % correct below.
 
Answer Stats
Federal Subject Pop City % Correct
Москва 13.0 m Москва
99%
Санкт-Петербург 5,60 m Санкт-Петербург
98%
Калининградская область 490 k Калининград
93%
Краснодарский край 1,09 m Краснодар
90%
Приморский край 603 k Владивосток
88%
Мурманская область 270 k Мурманск
88%
Свердловская область 1,54 m Екатеринбург
87%
Республика Татарстан 1,30 m Казань
87%
Нижегородская область 1,22 m Нижний Новгород
86%
Севастополь 547 k Севастополь
86%
Новосибирская область 1,63 m Новосибирск
85%
Ростовская область 1,14 m Ростов-на-Дону
85%
Волгоградская область 1,02 m Волгоград
83%
Красноярский край 1,18 m Красноярск
82%
Самарская область 1,15 m Самара
82%
Омская область 1,12 m Омск
81%
Краснодарский край 466 k Сочи
81%
Архангельская область 301 k Архангельск
81%
Республика Башкортостан 1,14 m Уфа
79%
Челябинская область 1,18 m Челябинск
78%
Чеченская республика 328 k Грозный
78%
Курская область 440 k Курск
77%
Воронежская область 1,05 m Воронеж
76%
Пермский край 1,03 m Пермь
76%
Астраханская область 475 k Астрахань
76%
Республика Саха 355 k Якутск
76%
Республика Крым 340 k Симферополь
76%
Саратовская область 901 k Саратов
75%
Республика Дагестан 623 k Махачкала
75%
Иркутская область 617 k Иркутск
75%
Белгородская область 339 k Белгород
75%
Хабаровский край 617 k Хабаровск
74%
Псковская область 193 k Псков
72%
Томская область 556 k Томск
71%
Тульская область 473 k Тула
70%
Новгородская область 224 k Великий Новгород
70%
Владимирская область 349 k Владимир
69%
Смоленская область 316 k Смоленск
69%
Оренбургская область 543 k Оренбург
67%
Тверская область 416 k Тверь
67%
Ярославская область 577 k Ярославль
66%
Брянская область 379 k Брянск
66%
Тюменская область 847 k Тюмень
64%
Рязанская область 528 k Рязань
63%
Кировская область 468 k Киров
63%
Забайкальский край 334 k Чита
63%
Кемеровская область 557 k Кемерово
62%
Вологодская область 313 k Вологда
62%
Республика Карелия 234 k Петрозаводск
62%
Самарская область 684 k Тольятти
61%
Республика Северная Осетия 295 k Владикавказ
60%
Краснодарский край 262 k Новороссийск
60%
Ставропольский край 547 k Ставрополь
58%
Липецкая область 496 k Липецк
57%
Республика Бурятия 437 k Улан-Удэ
57%
Ивановская область 361 k Иваново
57%
Пензенская область 501 k Пенза
56%
Удмуртская Республика 623 k Ижевск
55%
Тамбовская область 261 k Тамбов
55%
Ульяновская область 617 k Ульяновск
54%
Калужская область 337 k Калуга
54%
Амурская область 241 k Благовещенск
54%
Алтайский край 630 k Барнаул
53%
Костромская область 267 k Кострома
52%
Чувашская Республика 497 k Чебоксары
51%
Московская область 257 k Химки
51%
Республика Татарстан 548 k Набережные Челны
50%
Орловская область 303 k Орёл
50%
Республика Марий Эл 281 k Йошкар-Ола
49%
Республика Коми 220 k Сыктывкар
48%
Московская облать 520 k Балашиха
47%
Республика Мордовия 314 k Саранск
46%
Курганская область 310 k Курган
46%
Ростовская область 245 k Таганрог
46%
Кабардино-Балкарская Республика 247 k Нальчик
45%
Кемеровская область 537 k Новокузнецк
43%
Хабаровский край 238 k Комсомольск-на-Амуре
43%
Челябинская область 410 k Магнитогорск
42%
Ханты-Мансийский автономный округ 396 k Сургут
42%
Оренбургская область 189 k Орск
42%
Свердловская область 338 k Нижний Тагил
40%
Вологодская область 305 k Череповец
40%
Ростовская область 226 k Шахты
40%
Московская область 255 k Мытищи
39%
Республика Хакасия 184 k Абакан
39%
Московская область 314 k Подольск
37%
Саратовская область 225 k Энгельс
37%
Иркутская область 224 k Братск
37%
Ханты-Мансийский автономный округ 283 k Нижневартовск
32%
Московская область 224 k Люберцы
32%
Московская область 187 k Красногорск
32%
Волгоградская область 321 k Волжский
29%
Иркутская область 221 k Ангарск
29%
Белгородская область 221 k Старый Оскол
26%
Республика Башкортостан 277 k Стерлитамак
25%
Республика Татарстан 241 k Нижнекамск
25%
Нижегородская область 218 k Дзержинск
24%
Краснодарский край 187 k Армавир
23%
Московская область 228 k Королёв
19%
Саратовская область 184 k Балаково
16%
No matching quizzes found
Score Distribution
Percent of People with Each Score
Percentile by Number Answered
Your Score History
You have not taken this quiz